Normal view
MARC view
- Supervisor: Dr. Muhammad Kashif
Entry Personal Name
001 - CONTROL NUMBER
- control field: 133501
003 - CONTROL NUMBER IDENTIFIER
- control field: NUST
005 - DATE AND TIME OF LATEST TRANSACTION
- control field: 20260302103022.0
008 - FIXED-LENGTH DATA ELEMENTS
- fixed length control field: 260302|| aca||aabn | a|a d
040 ## - CATALOGING SOURCE
- Original cataloging agency: NUST
- Transcribing agency: NUST
100 ## - HEADING--PERSONAL NAME
- Personal name: Supervisor: Dr. Muhammad Kashif
670 ## - SOURCE DATA FOUND
- Source citation: Work cat.: (NUST): Sana Hamyun 133500, When Nature Speaks: A Mediated Moderation analysis of how Destination Anthropomorphism shapes Travel Intention/
